000 00341nam a2200133Ia 4500
008 240624s9999 xx 000 0 und d
041 _aeng
082 _a658.8 SHA
100 _aSHAJAHAN S
245 _aSTRATEGIC MARKETING TEXT AND CASES
260 _c2010
_aNew Delhi
_bViva Books
300 _axi, : 574 : p. : cm. ; 23
365 _cRS
_b33
999 _c27494
_d27494